000 00683nam a2200241 i 4500
001 C2-0209553
003 PPAK
005 20180728102006.0
008 990320s1984 my a|||| ||||| | may d
040 _aPPAK
_beng
_cPPAK
_erda
082 0 4 _a362.509595
_2 23
090 0 0 _a362.509595
_bSHU
_dKSA
700 0 _aDavid S. Gibbons,
_eauthor
700 0 _aHalimah Todd,
_eauthor
100 0 _aShukor Kassim,
_eauthor
245 1 0 _aTeriakan Melayu miskin
264 1 _aKuala Lumpur :
_bMarican & Sons ,
_c1984
300 _a79 pages :
_billustrations ;
_c21 cm
336 _2rdacontent
_atext
337 _2rdamedia
_aunmediated
338 _2rdacarrier
_avolume
942 _ddc
_cB
999 _c157983
_d157983